Govt. of
Madhya Pradesh

सामान्‍य बुद्धि एवं तर्कशक्ति परीक्षा ( General Intelligence & Test of Reasoning ) (Record no. 66472)

MARC details
000 -LEADER
fixed length control field 00454nam a22001097a 4500
082 ## - DEWEY DECIMAL CLASSIFICATION NUMBER
Classification number 160
100 ## - MAIN ENTRY--AUTHOR NAME
Personal name सिंह,डॉ. सरदार
245 ## - TITLE STATEMENT
Title सामान्‍य बुद्धि एवं तर्कशक्ति परीक्षा ( General Intelligence & Test of Reasoning )
260 ## - PUBLICATION, DISTRIBUTION, ETC. (IMPRINT)
Place of publication आगरा
Name of publisher प्रतियोगिता साहित्‍य
Year of publication 2023
650 ## - SUBJECT ADDED ENTRY--TOPICAL TERM
Topical Term Reasoning
942 ## - ADDED ENTRY ELEMENTS (KOHA)
Koha item type Competitive Books
Holdings
Withdrawn status Lost status Damaged status Not for loan Home library Current library Date acquired Cost, normal purchase price Full call number Accession Number Price effective from Koha item type
        MACL MACL 27/12/2023 325.00 160 DPI001689 27/12/2023 Competitive Books